Permasalahan remaja dan kaedah mengatasinya (Record no. 62078)

MARC details
000 -LEADER
fixed length control field 00795nam a2200265 i 4500
001 - CONTROL NUMBER
control field C2-0248368
003 - CONTROL NUMBER IDENTIFIER
control field PPAK
005 - DATE AND TIME OF LATEST TRANSACTION
control field 20180727212703.0
008 - FIXED-LENGTH DATA ELEMENTS--GENERAL INFORMATION
fixed length control field 030412s2003 my a|||| ||||| | may d
020 ## - INTERNATIONAL STANDARD BOOK NUMBER
International Standard Book Number 9832623057
040 ## - CATALOGING SOURCE
Original cataloging agency PPAK
Language of cataloging eng
Transcribing agency PPAK
Description conventions rda
082 04 - DEWEY DECIMAL CLASSIFICATION NUMBER
Classification number 362.66
Edition number 23
090 00 - LOCALLY ASSIGNED LC-TYPE CALL NUMBER (OCLC); LOCAL CALL NUMBER (RLIN)
Classification number (OCLC) (R) ; Classification number, CALL (RLIN) (NR) 362.66
Feature heading FAU
Feature heading G
100 0# - MAIN ENTRY--PERSONAL NAME
Personal name Fauziah Abd Ralip,
Relator term author
245 10 - TITLE STATEMENT
Title Permasalahan remaja dan kaedah mengatasinya
Remainder of title Bahagian 6
264 #1 - PRODUCTION, PUBLICATION, DISTRIBUTION, MANUFACTURE, AND COPYRIGHT NOTICE
Place of production, publication, distribution, manufacture Kuala Lumpur :
Name of producer, publisher, distributor, manufacturer Pustaka Segar ,
Date of production, publication, distribution, manufacture, or copyright notice 2003
300 ## - PHYSICAL DESCRIPTION
Extent 64 pages :
Other physical details illustrations ;
Dimensions 22 cm
336 ## - CONTENT TYPE
Source rdacontent
Content type term text
337 ## - MEDIA TYPE
Source rdamedia
Media type term unmediated
338 ## - CARRIER TYPE
Source rdacarrier
Carrier type term volume
490 1# - SERIES STATEMENT
Series statement Siri motivasi dan kaunseling remaja
650 10 - SUBJECT ADDED ENTRY--TOPICAL TERM
Topical term or geographic name entry element Youth - Counseling of.
830 #0 - SERIES ADDED ENTRY--UNIFORM TITLE
Uniform title Siri motivasi dan kaunseling remaja
942 ## - ADDED ENTRY ELEMENTS (KOHA)
-- dc
Koha item type Book
Holdings
Withdrawn Not for loan Current library Shelving location Date acquired Full call number Barcode Date last seen Koha item type
    Perpustakaan Alor Setar Pinjaman Dewasa 14/07/2003 362.66 FAU A01032219 08/05/2018 Book
    Perpustakaan Baling Pinjaman Dewasa 12/04/2003 362.66 FAU A01025533 08/05/2018 Book
    Perpustakaan Baling Pinjaman Dewasa 12/04/2003 362.66 FAU A01025534 08/05/2018 Book
    Perpustakaan Baling Pinjaman Dewasa 14/07/2003 362.66 FAU A01032220 08/05/2018 Book
    Perpustakaan Kulim Pinjaman Dewasa 14/07/2003 362.66 FAU A01032221 08/05/2018 Book